Statistics for Top 10 Asian Countries with the Most Vehicles

Click here to take the quiz!

General Stats

  • This quiz has been taken 47 times
  • The average score is 9 of 10

Answer Stats

VehiclesCountry% Correct
319,000,000China
100%
22,587,923Indonesia
100%
88,000,000Japan
100%
80,888,051India
98%
19,576,630Thailand
98%
25,167,409South Korea
93%
15,963,000Iran
91%
21,763,186Turkey
88%
17,728,482Malaysia
86%
13,889,136Philippines
84%

Score Distribution

Percentile by Number Answered

Percent of People with Each Score

Your Score History

You have not taken this quiz